| 000 | 00493nam a2200169 a 4500 | ||
|---|---|---|---|
| 001 | 1508 | ||
| 003 | CDMR | ||
| 005 | 20131022123815.0 | ||
| 008 | 130130s1967||||||||||||||||||||||||||||d | ||
| 040 |
_aCDMR _bcat _cCDMR |
||
| 100 | 1 |
_aGernsheim, Helmut _91140 |
|
| 245 | 1 | 0 |
_aHistoria gráfica de la fotografía _cHelmut Gernsheim, con la colaboración de Alison Gernsheim |
| 260 |
_aBarcelona _c1967 _bOmega |
||
| 490 | 0 | _aFoto Biblioteca | |
| 650 | 0 | 4 |
_93144 _aFotografia _xHistòria |
| 942 |
_cMON _2udc |
||
| 999 |
_c1508 _d1508 |
||